000 00341nam a22001457a 4500
008 230707b ||||| |||| 00| 0 eng d
020 _a9781438447957
041 _aeng
080 _a621
082 _a621GON
100 _a19
101 _aIE
245 _aENERGY AND THE POLITICS OF THE NORTH ATLANTIC
_cGONZALEZ .A .G
942 _2udc
_cBK
999 _c60133
_d60133